• 首页
  • 本馆介绍
  • 公告通知
  • 最新文献
  • 馆藏检索
  • 电子资源
  • 读者导购
  • 参考咨询
  • 我的图书馆
  • 登录
  • 详细信息显示
  • 放入我的书架
  • 预约/预借图书
  • 作者相关作品
  • 分类相关作品
  • 丛书相关作品
  • 出版社相关作品

书目信息

  • 表格格式
  • 工作单格式
  • 卡片格式
题名:
实用脑脊液细胞学彩色图谱
    
 
作者: 粟秀初,孔凡元 主编
分册:  
出版信息: 北京   人民军医出版社  1996.03
页数: 134页
开本: 16开
丛书名:
单 册:
中图分类: R331.5-64
科图分类:
主题词: 人体生理学
电子资源:
ISBN: 7-80020-578-9
000 00586nam0 2200181 45
001 9911301546
005 19991130153729.7
010    @a7-80020-578-9@d65.00
100    @a19991130d1996 km y0chiy0120 ea
101    @achi
105    @a z 000yy
200 1  @a实用脑脊液细胞学彩色图谱@AShi Yong Nao Ji Ye Xi Bao Xue Cai Se Tu Pu@f粟秀初,孔凡元 主编@FSu Xiu Chu,Kong Fan Yuan Zhu Bian
210    @a北京@c人民军医出版社@d1996.03
215    @a134页@c无图表@d16开
606 0  @a人体生理学
690    @aR331.5-64@v3
801    @aCN@bPerfectUser@c19991130
905    @aBZT@b49125-127@f3@dR331.5-64@e1
    
    实用脑脊液细胞学彩色图谱/粟秀初,孔凡元 主编.-北京:人民军医出版社,1996.03
    134页:无图表;16开
    
    
    ISBN 7-80020-578-9:65.00
    
●
相关链接 在五车中查询图书 在当当中查询图书 在豆瓣中查询图书


正题名:实用脑脊液细胞学彩色图谱     索取号:R331.5-64/1         预约/预借

序号 登录号 条形码 馆藏地/架位号 状态 备注
1 49125   200196206   中心书库中库/ 中库006架A面5列2层32/ [索取号:R331.5-64/1] 在馆    
2 49126   200196215   中心书库中库/ 中库006架A面5列2层31/ [索取号:R331.5-64/1] 在馆    
3 49127   200196199   中心书库中库/ 中库006架A面5列2层30/ [索取号:R331.5-64/1] 在馆    
山东省滨州职业学院图书馆 欢迎您!
大连网信软件有限公司© 版权所有